Chansons de Béranger (Record no. 5579)

MARC details
000 -CABECERA
campo de control de longitud fija 00566nam a2200205 a 4500
001 - NÚMERO DE CONTROL
campo de control BRCA_5890
005 - FECHA Y HORA DE LA ÚLTIMA TRANSACCIÓN
campo de control 20190320205243.0
008 - DATOS DE LONGITUD FIJA--INFORMACIÓN GENERAL
campo de control de longitud fija 170311t1854----be-#######---#000-0#fr--#
041 ## - CÓDIGO DE LENGUA
Código de lengua del texto/banda sonora o título independiente fr
044 ## - CÓDIGO DEL PAÍS DE LA ENTIDAD EDITORA/PRODUCTORA
Código MARC del país be
050 #4 - SIGNATURA TOPOGRÁFICA DE LA BIBLIOTECA DEL CONGRESO
Número de clasificación PQ2195 A17
Número de documento/Ítem .C43
-- 1854
245 10 - MENCIÓN DE TÍTULO
Título Chansons de Béranger
260 ## - PUBLICACIÓN, DISTRIBUCIÓN, ETC.
Lugar de publicación, distribución, etc. Bruxelles.
Nombre del editor, distribuidor, etc. Kiessling, Schnee et Cie.
Fecha de publicación, distribución, etc. 1854
300 ## - DESCRIPCIÓN FÍSICA
Extensión 766 p.
Dimensiones 13 cm.
500 ## - NOTA GENERAL
Nota general Pastas con grabados dorados; edición con cantos dorados; índice de materias.
500 ## - NOTA GENERAL
Nota general H131
650 14 - PUNTO DE ACCESO ADICIONAL DE MATERIA--TÉRMINO DE MATERIA
Término de materia o nombre geográfico como elemento de entrada Literatura Francesa.
9 (RLIN) 14894
902 ## - CATALOGADOR
Iniciales GFM
942 ## - ELEMENTOS DE PUNTO DE ACCESO ADICIONAL (KOHA)
Fuente del sistema de clasificación o colocación Library of Congress Classification
Tipo de ítem Koha Libros
Holdings
Estado de retiro Estado de pérdida Estado dañado No para préstamo Localización permanente Ubicación/localización actual Fecha de adquisición Número de inventario Total de préstamos Signatura topográfica completa Código de barras Fecha visto por última vez Precio válido a partir de Tipo de ítem Koha
El ejemplar forma parte de la colección y puede ser consultado según las políticas vigentes.       Biblioteca del Museo Franz Mayer (Rogerio Casas-Alatriste) Biblioteca del Museo Franz Mayer (Rogerio Casas-Alatriste) 17/03/2011 H131   PQ2195 A17 .C43 1854 (H131) 6329 22/03/2019 22/03/2019 Libros